|
|
|
|
| LEADER |
01220nam a2200277 a 4500 |
| 001 |
7627 |
| 003 |
BD-DhAAL |
| 008 |
110705r19961987njua b 001 0 eng |
| 999 |
|
|
|c 11038
|d 11038
|
| 010 |
|
|
|a 86018752
|
| 020 |
|
|
|a 8120306015
|
| 020 |
|
|
|a 0136374069 :
|c $34.95
|
| 040 |
|
|
|a DLC
|c DLC
|d DLC
|d BD-DhAAL
|
| 082 |
0 |
0 |
|a 005.43
|2 22
|
| 100 |
1 |
|
|a Tanenbaum, Andrew S.,
|d 1944-
|9 40357
|
| 245 |
1 |
0 |
|a Operating systems :
|b design and implementation /
|c Andrew S. Tanenbaum.
|
| 260 |
|
|
|a Englewood Cliffs, N.J. ;
|a New Delhi :
|b Prentice-Hall,
|c c1987 [Reprinted 1996].
|
| 300 |
|
|
|a xvi, 719 pages :
|b illustrations ;
|c 25 cm.
|
| 490 |
0 |
|
|a Prentice-Hall software series
|
| 504 |
|
|
|a Includes bibliographical references (pages 342-349) and index.
|
| 541 |
|
|
|e 00007627
|
| 650 |
|
0 |
|a Operating systems (Computers)
|9 40358
|
| 852 |
1 |
|
|a Ayesha Abed Library
|c General Stacks
|
| 942 |
|
|
|2 ddc
|c BK
|
| 952 |
|
|
|0 0
|1 0
|2 ddc
|4 0
|6 005_430000000000000_TAN
|7 0
|9 17389
|a BRACUL
|b BRACUL
|c GEN
|d 2011-07-05
|l 4
|m 20
|o 005.43 TAN
|p 3010007627
|r 2025-12-27
|s 2025-12-06
|t 1
|w 2011-07-05
|y BK
|
| 952 |
|
|
|0 0
|1 0
|2 ddc
|4 0
|6 005_430000000000000_TAN
|7 0
|9 17390
|a BRACUL
|b BRACUL
|c GEN
|d 2011-07-05
|l 1
|m 10
|o 005.43 TAN
|p 3010007628
|r 2025-09-20
|s 2025-07-23
|t 2
|w 2011-07-05
|y BK
|